000 00585nas a2200181 a 4500
008 061030c20049999||||||||||||||||| || u
020 _a9211336503
050 _aUNO(058)JYB
110 _aUnited Nations Economic and Social Affairs (UNESA)
245 1 0 _aUnited Nations Juridical yearbook
_cBy the United Nations
260 _aNew York:
_bUNITED NATIONS
_c2004
300 _axxi ; 573p.
350 _a0.00
362 1 _a1997; 1998; 2000; 2003; 2007; 2008; 2009; 2010
650 _aJURISDICTION (INTERNATIONAL LAW)--YEARBOOKS
650 _aLAW
650 _aUNITED NATIONS--YEARBOOKS
999 _c60837
_d60837